Personaggi dell'Eneide - Statistics

Statistiche generali
  • Questo quiz è stato fatto 36 volte
  • Il punteggio medio è 12 su 15
Statistiche sulle risposte
Hint Risposta % Corretto
Figlio di Enea e Creusa, giungerà con il padre in Italia e fonderà la stirpe da cui discenderanno Romolo e Remo. Da lui secondo la propaganda augustea derivò la gens iulia, a cui appartenne Gaio Giulio Cesare e Ottaviano Augusto. Ascanio
88%
Regina fenicia fondatrice di Cartagine e precedentemente regina di Tiro. Secondo la narrazione virgiliana, si innamora di Enea e, disperata per il suo allontanamento, si uccide. Didone
88%
Figlio di Anchise e della dea Venere. Valoroso guerriero durante l'assedio di Troia dal quale fugge, lasciandosi alle spalle la città in fiamme, con la moglie Creusa, il figlio Ascanio e portando sulle spalle il vecchio padre Anchise. Virgilio costruì l'Eneide sui suoi viaggi fino a giungere nel Lazio. Enea
88%
Sacerdote di Apollo e figlio di Priamo. Viene ucciso con i figli da un mostro marino mentre cercava di impedire l’ingresso a Troia del cavallo. Laocoonte
88%
Mostruoso cane a tre teste, è il guardiano nel mondo dei morti. Cerbero
85%
Giovani guerrieri profughi di Troia, con le loro morti costituiscono un grande esempio di lealtà e di altri valori che Virgilio teneva a riportare in vita con la sua opera. Eurialo e Niso
85%
Traghettatore infernale al di là del fiume Acheronte. Caronte
81%
Mitico re di Creta, diviene nell’Ade giudice dei morti. Minosse
81%
Eroe troiano, figlio di Capi, della stirpe di Dardano, sposo di Afrodite e padre di Enea. Reso storpio, o cieco, da Zeus per essersi vantato delle nozze divine, scampò alla rovina di Troia portato a spalla da Enea. Morì in Sicilia. Anchise
73%
Figlia di Latino, re eponimo dei Latini, antico popolo dell'Italia centrale, e di Amata, sua moglie. Inizialmente Era stata promessa in sposa a Turno, re dei Rutuli. Dopo lo sbarco di Enea nel Lazio, viene data in sposa al capo troiano per suggellare la nuova alleanza. Lavinia
73%
Prima moglie di Enea, si smarrisce durante la fuga da Troia. Creusa
69%
Giovane combattente alleato di Enea contro Turno, muore valorosamente sul campo di battaglia uccido da quest'ultimo. Pallante
69%
Sacerdotessa di Apollo che predice gli oracoli. Accompagna Enea nell’Ade e gli predice il suo destino. Sibilla cumana
69%
Re del Lazio, concede in sposa a Enea la propria figlia Lavinia, già promessa sposa di Turno. Latino
65%
Antagonista principale di Enea, promesso sposo di Lavinia e re dei Rutuli. Turno
65%
Nessun quiz corrispondente trovato
Distribuzione punteggi
Percentuale di utenti per punteggio
Percentile per numero di risposta
I tuoi punteggi nel tempo
Non hai fatto questo quiz